000 00542nam a2200217Ia 4500
003 OSt
005 20220924125038.0
006 a|||||r|||| 00| 0
007 ta
008 220923b |||||||| |||| 00| 0 urd d
024 _a310789
037 _cTextual
040 _aARTS
_cARTS
_burd
041 _2urd
_aurd
082 _aO168:g, N5
245 0 _aUrdu mein danishwari
260 _aPatna
_bKhuda Bakhsh India
_c1977
650 _aURDU LITERATURE
942 _hO168:g, N5
_cTEXL
_2CC
999 _c421526
_d421526